| 000 | 00562nam a2200181Ia 4500 | ||
|---|---|---|---|
| 008 | 090123s9999 xx 000 0 und d | ||
| 082 | _b3280 | ||
| 100 | _aकुलकर्णी के.एस. | ||
| 245 | _aश्री हरि विजय | ||
| 250 | _a1 | ||
| 260 | _bकुलकर्णी अ.अ. | ||
| 300 | _a101 | ||
| 600 | _aकुलकर्णी के.एस. | ||
| 630 | _aश्री हरि विजय | ||
| 700 | _aकुलकर्णी के.एस. | ||
| 730 | _aश्री हरि विजय | ||
| 942 | _cBOOK | ||
| 999 |
_c41360 _d41360 |
||